[Event "SVK-chT1E 2122"]
[Site "Slovakia"]
[Date "2022.02.13"]
[Round "3.4"]
[White "Trebula, Jozef"]
[Black "Endresz, Pavol"]
[Result "1/2-1/2"]
[WhiteElo "2083"]
[BlackElo "2118"]
[PlyCount "103"]
[EventDate "2022.01.29"]
[EventType "team-tourn"]
[EventRounds "11"]
[EventCountry "SVK"]
[SourceTitle "EXT 2023"]
[Source "ChessBase"]
[SourceDate "2022.10.05"]
[SourceVersion "1"]
[SourceVersionDate "2022.10.05"]
[SourceQuality "1"]
[WhiteTeam "Banska Bystrica Junior"]
[BlackTeam "Presov Tatran Dason"]
[WhiteTeamCountry "SVK"]
[BlackTeamCountry "SVK"]

1. e4 c5 2. Nf3 d6 3. d4 cxd4 4. Nxd4 Nf6 5. Nc3 g6 6. Be3 Bg7 7. f3 Nc6 8. Qd2 0-0 9. Bc4 Nxd4 10. Bxd4 Be6 11. Bb3 Qa5 12. 0-0-0 Rfc8 13. Kb1 b5 14. Bxf6 Bxf6 15. Nd5 Qxd2 16. Nxf6+ exf6 17. Rxd2 Rc6 18. Bd5 Bxd5 19. Rxd5 a6 20. Rhd1 Rd8 21. R1d4 Kf8 22. a4 bxa4 23. Rxa4 Rb8 24. Ra3 Ke7 25. c3 Ke6 26. Rda5 Rbb6 27. Kc2 h5 28. h4 Kd7 29. Rb3 Rxb3 30. Kxb3 Kc7 31. Kc2 Kd7 32. Kd3 Rb6 33. b4 Ke7 34. Kd4 Ke6 35. Kc4 f5 36. exf5+ gxf5 37. Kd4 f6 38. Ra2 Kd7 39. Ra5 Ke6 40. Kc4 Rc6+ 41. Kd4 Rb6 42. Ra1 Kd7 43. Ra2 Ke6 44. Ra5 Rc6 45. c4 Rb6 46. Kc3 Rc6 47. Kd4 Rb6 48. Ra4 Rb8 49. Kc3 Rb6 50. Kd4 Rb8 51. Kc3 Rb6 52. Kd4 1/2-1/2

[Event "SVK-chT1E 1920"]
[Site "Slovakia"]
[Date "2020.06.20"]
[Round "10.8"]
[White "Trebula, Jozef"]
[Black "Taragelova, Martina"]
[Result "1/2-1/2"]
[WhiteElo "2082"]
[BlackElo "2002"]
[PlyCount "49"]
[EventDate "2019.10.12"]
[EventType "team-tourn"]
[EventRounds "11"]
[EventCountry "SVK"]
[SourceTitle "EXT 2022"]
[Source "ChessBase"]
[SourceDate "2021.10.06"]
[SourceVersion "1"]
[SourceVersionDate "2021.10.06"]
[SourceQuality "1"]
[WhiteTeam "Banska Bystrica Junior"]
[BlackTeam "Liptov Chess School II"]
[WhiteTeamCountry "SVK"]
[BlackTeamCountry "SVK"]

1. e4 e5 2. Nf3 Nc6 3. Bb5 a6 4. Ba4 Nf6 5. d3 b5 6. Bb3 Be7 7. c3 d6 8. 0-0 0-0 9. h3 Na5 10. Bc2 c5 11. Re1 Re8 12. Nbd2 Bf8 13. Nf1 Qc7 14. Bg5 Nd7 15. Ng3 Bb7 16. Nf5 d5 17. Nh2 f6 18. Bd2 c4 19. Qg4 Nc5 20. d4 exd4 21. cxd4 Nxe4 22. Bxa5 Qxa5 23. Nh6+ Kh8 24. Nf7+ Kg8 25. Nh6+ 1/2-1/2

[Event "SVK-chT1E 1920"]
[Site "Slovakia"]
[Date "2020.02.22"]
[Round "8.8"]
[White "Sandor, Samuel"]
[Black "Trebula, Jozef"]
[Result "0-1"]
[WhiteElo "1917"]
[BlackElo "2078"]
[PlyCount "66"]
[EventDate "2019.10.12"]
[EventType "team-tourn"]
[EventRounds "11"]
[EventCountry "SVK"]
[SourceTitle "CBM 195 Extra"]
[Source "ChessBase"]
[SourceDate "2020.05.31"]
[SourceVersion "1"]
[SourceVersionDate "2020.05.31"]
[SourceQuality "1"]
[WhiteTeam "Michalovce Zemplin"]
[BlackTeam "Banska Bystrica Junior"]
[WhiteTeamCountry "SVK"]
[BlackTeamCountry "SVK"]

1. e4 e6 2. f4 d5 3. e5 c5 4. Nf3 Nc6 5. c3 Qb6 6. Na3 Nge7 7. Nc2 Nf5 8. d3 Be7 9. g3 Bd7 10. Bg2 0-0 11. 0-0 Rac8 12. Qe2 Kh8 13. g4 Nh6 14. h3 Ng8 15. Rb1 f6 16. Be3 Qa6 17. a3 b6 18. Rfe1 Bd8 19. Bf2 Nge7 20. Bg3 fxe5 21. fxe5 Ng6 22. Qe3 Be7 23. h4 Qa4 24. Bh3 Qxc2 25. h5 d4 26. Qe4 Na5 27. Rec1 Qa4 28. cxd4 Bc6 29. d5 Qxe4 30. dxe4 exd5 31. Kg2 dxe4 32. hxg6 exf3+ 33. Kf2 c4 0-1

[Event "SVK-chT1E 1819"]
[Site "Slovakia"]
[Date "2019.01.13"]
[Round "6.6"]
[White "Tomcikova, Dominika"]
[Black "Trebula, Jozef"]
[Result "1-0"]
[WhiteElo "1798"]
[BlackElo "2092"]
[PlyCount "109"]
[EventDate "2018.10.27"]
[EventType "team-tourn"]
[EventRounds "11"]
[EventCountry "SVK"]
[SourceTitle "CBM 188 Extra"]
[Source "ChessBase"]
[SourceDate "2019.02.26"]
[SourceVersion "1"]
[SourceVersionDate "2019.02.26"]
[SourceQuality "1"]
[WhiteTeam "Kysucke Nove Mesto"]
[BlackTeam "Banska Bystrica Junior"]
[WhiteTeamCountry "SVK"]
[BlackTeamCountry "SVK"]

1. e4 e6 2. d4 d5 3. Nd2 Nf6 4. e5 Nfd7 5. Bd3 c5 6. c3 Nc6 7. Ne2 cxd4 8. cxd4 f6 9. exf6 Nxf6 10. Nf3 Bd6 11. 0-0 Qc7 12. Bg5 0-0 13. Qc2 Kh8 14. Bh4 Bd7 15. Bg3 Bxg3 16. hxg3 Qd6 17. Nf4 Nxd4 18. Nxd4 e5 19. Nde2 e4 20. Bxe4 dxe4 21. Rad1 Qe5 22. Qc3 Rae8 23. Qxe5 Rxe5 24. Nc3 Bc6 25. Rd6 Rfe8 26. Re1 Kg8 27. Nd1 Kf7 28. Ne3 g5 29. Ne2 Nd5 30. Nc4 R5e7 31. Nd4 Nb4 32. Rh6 Kg8 33. Nd6 Rf8 34. Ne6 Nd3 35. Re2 Rb8 36. Nxg5 Rd8 37. Nf5 Re5 38. g4 Nf4 39. Re1 Rd2 40. Rxh7 Rxb2 41. Rg7+ Kf8 42. Rf7+ Ke8 43. Nd6+ Kd8 44. Rxf4 Re7 45. Ndxe4 Rxa2 46. Rd1+ Kc7 47. Nc3 Ra5 48. Nge4 Rae5 49. f3 a5 50. Rf5 b5 51. Nd5+ Rxd5 52. Rdxd5 Bxd5 53. Rxd5 Kc6 54. Rd6+ Kc7 55. Ra6 1-0

[Event "SVK-chT1E 1617"]
[Site "Slovakia"]
[Date "2016.12.10"]
[Round "5.8"]
[White "Misecka, Kamil"]
[Black "Trebula, Jozef"]
[Result "1-0"]
[WhiteElo "1825"]
[BlackElo "2081"]
[PlyCount "81"]
[EventDate "2016.10.15"]
[EventType "team-tourn"]
[EventRounds "11"]
[EventCountry "SVK"]
[SourceTitle "EXT 2018"]
[Source "ChessBase"]
[SourceDate "2017.10.13"]
[SourceVersion "1"]
[SourceVersionDate "2017.10.13"]
[SourceQuality "1"]
[WhiteTeam "Jelsava Magnezit"]
[BlackTeam "Banska Bystrica Junior"]
[WhiteTeamCountry "SVK"]
[BlackTeamCountry "SVK"]

1. e4 e6 2. d4 d5 3. Nd2 Nf6 4. e5 Nfd7 5. Bd3 c5 6. c3 Nc6 7. Ngf3 Qb6 8. 0-0 cxd4 9. cxd4 Nxd4 10. Nxd4 Qxd4 11. Nf3 Qb6 12. Qa4 Qb4 13. Qc2 Qg4 14. Be3 Be7 15. Rac1 h6 16. Qd2 0-0 17. a3 f6 18. Bd4 fxe5 19. Nxe5 Nxe5 20. Bxe5 Bd8 21. Rc3 Qh5 22. Bd6 Rf6 23. Be2 Qf7 24. Be5 Rf5 25. f4 Bb6+ 26. Kh1 Bd7 27. Rg3 g6 28. Bd3 Rc8 29. Rc1 Bc6 30. Bxf5 exf5 31. Bd4 Bd8 32. b4 a6 33. Bb2 Bb6 34. Bd4 Bc7 35. Be5 Bb6 36. a4 Re8 37. a5 Bd8 38. Re1 Kh7 39. Bd4 Bh4 40. Rxe8 Bxg3 41. Rh8# 1-0

[Event "SVK-chT1E 1617"]
[Site "Slovakia"]
[Date "2016.11.20"]
[Round "4.8"]
[White "Trebula, Jozef"]
[Black "Kocisko, Jozef"]
[Result "1-0"]
[WhiteElo "2081"]
[BlackElo "1771"]
[PlyCount "77"]
[EventDate "2016.10.15"]
[EventType "team-tourn"]
[EventRounds "11"]
[EventCountry "SVK"]
[SourceTitle "EXT 2018"]
[Source "ChessBase"]
[SourceDate "2017.10.13"]
[SourceVersion "1"]
[SourceVersionDate "2017.10.13"]
[SourceQuality "1"]
[WhiteTeam "Banska Bystrica Junior"]
[BlackTeam "Bardejov"]
[WhiteTeamCountry "SVK"]
[BlackTeamCountry "SVK"]

1. e4 c5 2. Nf3 d6 3. d4 cxd4 4. Nxd4 Nc6 5. Nc3 e6 6. Be2 Nf6 7. 0-0 Be7 8. Be3 a6 9. a4 0-0 10. f4 Qc7 11. Nb3 Nd7 12. Kh1 Rd8 13. Qe1 b6 14. Bf3 Bb7 15. Qf2 Rac8 16. Rac1 Bf6 17. Qg3 Re8 18. Rcd1 Nb4 19. Rf2 Qd8 20. Rfd2 Qc7 21. Rxd6 Nc5 22. Nxc5 bxc5 23. e5 Bxf3 24. exf6 g6 25. Qxf3 Nxc2 26. R6d2 Nxe3 27. Qxe3 Qb6 28. Ne4 Red8 29. Rxd8+ Rxd8 30. Rxd8+ Qxd8 31. Qd2 Qd4 32. Qxd4 cxd4 33. Kg1 h6 34. h4 Kf8 35. Nc5 a5 36. Nb3 d3 37. Kf2 Ke8 38. Nxa5 Kd7 39. Nc4 1-0

[Event "SVK-chT1E 1617"]
[Site "Slovakia"]
[Date "2016.10.16"]
[Round "2.7"]
[White "Tropp, Frantisek"]
[Black "Trebula, Jozef"]
[Result "1-0"]
[WhiteElo "2133"]
[BlackElo "2081"]
[PlyCount "86"]
[EventDate "2016.10.15"]
[EventType "team-tourn"]
[EventRounds "11"]
[EventCountry "SVK"]
[SourceTitle "CBM 175 Extra"]
[Source "ChessBase"]
[SourceDate "2016.12.12"]
[SourceVersion "1"]
[SourceVersionDate "2016.12.12"]
[SourceQuality "1"]
[WhiteTeam "Liptov Chess School II"]
[BlackTeam "Banska Bystrica Junior"]
[WhiteTeamCountry "SVK"]
[BlackTeamCountry "SVK"]

1. e4 e6 2. d4 d5 3. e5 c5 4. c3 Nc6 5. Nf3 Qb6 6. a3 Nh6 7. b4 cxd4 8. cxd4 Nf5 9. Bb2 Bd7 10. Be2 Rc8 11. Bc3 Be7 12. 0-0 0-0 13. Qd2 a6 14. g4 Nh6 15. h3 Kh8 16. Bd3 f6 17. exf6 Rxf6 18. Qe3 Bd6 19. Bc2 Rf4 20. Qd3 g6 21. Bd2 Nf7 22. Bxf4 Bxf4 23. Nc3 Bb8 24. Ba4 Qc7 25. Bxc6 Bxc6 26. Rfe1 Qf4 27. Qe3 Qf6 28. Qxe6 Qxe6 29. Rxe6 Nd8 30. Ree1 Nf7 31. a4 Nd6 32. Ne5 Ba7 33. Nxc6 Rxc6 34. Nxd5 Bxd4 35. Rad1 Ba7 36. Ne7 Rc2 37. Rxd6 Bxf2+ 38. Kf1 Bxe1 39. Kxe1 Rc4 40. Nd5 a5 41. bxa5 Rxa4 42. Rd7 Rxa5 43. Nf6 h5 1-0

[Event "SVK-chT1E 1617"]
[Site "Slovakia"]
[Date "2016.10.15"]
[Round "1.8"]
[White "Balala, Anton"]
[Black "Trebula, Jozef"]
[Result "0-1"]
[WhiteElo "1809"]
[BlackElo "2081"]
[PlyCount "52"]
[EventDate "2016.10.15"]
[EventType "team-tourn"]
[EventRounds "11"]
[EventCountry "SVK"]
[SourceTitle "CBM 175 Extra"]
[Source "ChessBase"]
[SourceDate "2016.12.12"]
[SourceVersion "1"]
[SourceVersionDate "2016.12.12"]
[SourceQuality "1"]
[WhiteTeam "Liptovska Stiavnica"]
[BlackTeam "Banska Bystrica Junior"]
[WhiteTeamCountry "SVK"]
[BlackTeamCountry "SVK"]

1. e4 e6 2. d4 d5 3. Nc3 Nf6 4. Bg5 Be7 5. e5 Nfd7 6. h4 a6 7. Nf3 c5 8. Ne2 Nc6 9. c3 f6 10. exf6 Nxf6 11. Ne5 cxd4 12. cxd4 0-0 13. a3 Qb6 14. Rb1 Nxe5 15. dxe5 Ne4 16. Be3 Qa5+ 17. Bd2 Bc5 18. Qc2 Bxf2+ 19. Kd1 Qb6 20. Nc3 Ng3 21. Bd3 Nxh1 22. Bxh7+ Kh8 23. Qg6 Ng3 24. Bh6 Qd4+ 25. Kc2 Qxe5 26. Kb3 Qf6 0-1

[Event "SVK-chT1E 1516"]
[Site "Slovakia"]
[Date "2016.02.21"]
[Round "9.8"]
[White "Hujo, Jozef"]
[Black "Trebula, Jozef"]
[Result "0-1"]
[WhiteElo "2029"]
[BlackElo "2099"]
[PlyCount "68"]
[EventDate "2015.10.24"]
[EventType "team-tourn"]
[EventRounds "11"]
[EventCountry "SVK"]
[SourceTitle "EXT 2017"]
[Source "ChessBase"]
[SourceDate "2016.10.25"]
[SourceVersion "1"]
[SourceVersionDate "2016.10.25"]
[SourceQuality "1"]
[WhiteTeam "Michalovce Zemplin"]
[BlackTeam "Banska Bystrica Junior"]
[WhiteTeamCountry "SVK"]
[BlackTeamCountry "SVK"]

1. d4 Nf6 2. Nf3 e6 3. e3 b6 4. Bd3 Bb7 5. 0-0 Be7 6. Nbd2 d5 7. Ne5 0-0 8. b3 c5 9. Bb2 Nbd7 10. f4 Ne4 11. Qe2 Ndf6 12. Rad1 Nxd2 13. Rxd2 Qc7 14. dxc5 Bxc5 15. g4 Rad8 16. Rfd1 Nd7 17. g5 Nxe5 18. Bxe5 Bd6 19. Bxh7+ Kxh7 20. Qh5+ Kg8 21. Bxg7 Kxg7 22. Qh6+ Kg8 23. Rg2 Bxf4 24. exf4 Qxf4 25. Rf1 Qd4+ 26. Rff2 Qg7 27. Qh4 d4 28. Rg3 d3 29. cxd3 Qa1+ 30. Rf1 Qd4+ 31. Qxd4 Rxd4 32. Rf6 Kg7 33. Kf2 Rh8 34. Ke3 Rdh4 0-1

[Event "SVK-chT1E 1415"]
[Site "Slovakia"]
[Date "2015.01.31"]
[Round "7.7"]
[White "Murin, Pavol"]
[Black "Trebula, Jozef"]
[Result "1/2-1/2"]
[WhiteElo "2051"]
[BlackElo "2060"]
[PlyCount "56"]
[EventDate "2014.10.18"]
[EventType "team-tourn"]
[EventRounds "11"]
[EventCountry "SVK"]
[SourceTitle "EXT 2016"]
[Source "ChessBase"]
[SourceDate "2015.10.08"]
[SourceVersion "1"]
[SourceVersionDate "2015.10.08"]
[SourceQuality "1"]
[WhiteTeam "Dolny Kubin"]
[BlackTeam "Banska Bystrica CVC"]
[WhiteTeamCountry "SVK"]
[BlackTeamCountry "SVK"]

1. d4 Nf6 2. c4 e6 3. Nc3 d5 4. cxd5 exd5 5. Bg5 Be7 6. e3 0-0 7. Bd3 c6 8. Qc2 Nbd7 9. Nf3 Re8 10. 0-0 Nf8 11. Rab1 Ne4 12. Bxe7 Qxe7 13. b4 a6 14. a4 Ng6 15. b5 axb5 16. axb5 Bg4 17. Nd2 Nxd2 18. Qxd2 Qg5 19. f4 Qe7 20. e4 dxe4 21. Bxe4 f5 22. Bc2 Qe3+ 23. Qxe3 Rxe3 24. Nd1 Bxd1 25. Bxd1 Re4 26. bxc6 bxc6 27. Bf3 Rxd4 28. Bxc6 Rad8 1/2-1/2

[Event "SVK-chT1E 1213"]
[Site "Slovakia"]
[Date "2013.01.13"]
[Round "6.2"]
[White "Tropp, Oliver"]
[Black "Trebula, Jozef"]
[Result "1-0"]
[WhiteElo "1978"]
[BlackElo "2059"]
[PlyCount "65"]
[EventDate "2012.10.20"]
[EventType "team-tourn"]
[EventRounds "11"]
[EventCountry "SVK"]
[SourceTitle "EXT 2015"]
[Source "ChessBase"]
[SourceDate "2014.11.20"]
[SourceVersion "1"]
[SourceVersionDate "2014.11.20"]
[SourceQuality "1"]
[WhiteTeam "Kezmarok"]
[BlackTeam "Banska Bystrica Junior"]
[WhiteTeamCountry "SVK"]
[BlackTeamCountry "SVK"]

1. c4 Nf6 2. Nc3 e6 3. e4 d6 4. d4 Be7 5. Nf3 0-0 6. g3 Nbd7 7. Bg2 e5 8. d5 Nc5 9. Qc2 a5 10. h3 Ne8 11. Be3 Na6 12. g4 g6 13. Bh6 Ng7 14. Qd2 Bd7 15. g5 f5 16. gxf6 Rxf6 17. Nh2 Nh5 18. Ng4 Rf7 19. Be3 Kh8 20. Ne2 Qc8 21. Nh6 Rf8 22. 0-0-0 c6 23. Kb1 c5 24. f4 Bf6 25. Bf3 Nxf4 26. Nxf4 exf4 27. Bxf4 Qc7 28. Qh2 Qb6 29. Bxd6 Bg7 30. Bg4 Rf6 31. Be5 Bxg4 32. hxg4 Rf3 33. Nf7+ 1-0

[Event "SVK-chT1E 1213"]
[Site "Slovakia"]
[Date "2013.01.12"]
[Round "5.2"]
[White "Trebula, Jozef"]
[Black "Klein, Peter"]
[Result "1/2-1/2"]
[WhiteElo "2059"]
[BlackElo "2014"]
[PlyCount "56"]
[EventDate "2012.10.20"]
[EventType "team-tourn"]
[EventRounds "11"]
[EventCountry "SVK"]
[SourceTitle "EXT 2015"]
[Source "ChessBase"]
[SourceDate "2014.11.20"]
[SourceVersion "1"]
[SourceVersionDate "2014.11.20"]
[SourceQuality "1"]
[WhiteTeam "Banska Bystrica Junior"]
[BlackTeam "Filakovo"]
[WhiteTeamCountry "SVK"]
[BlackTeamCountry "SVK"]

1. e4 d5 2. exd5 Nf6 3. d4 Nxd5 4. Nf3 Bg4 5. Be2 e6 6. 0-0 Nc6 7. c4 Nb6 8. b3 Be7 9. Be3 Bf6 10. Nc3 0-0 11. Rc1 Rb8 12. d5 Bxc3 13. dxc6 Bf6 14. cxb7 Rxb7 15. h3 Bf5 16. Nd4 Bxd4 17. Qxd4 Qxd4 18. Bxd4 Rbb8 19. Bf3 f6 20. Rfd1 Rfd8 21. Bc5 a5 22. Bc6 Kf7 23. Kf1 a4 24. b4 Nxc4 25. Bxa4 Nb2 26. Rxd8 Rxd8 27. Bb3 Bd3+ 28. Kg1 Be4 1/2-1/2

[Event "SVK-chT1E 1112"]
[Site "Slovakia"]
[Date "2012.03.04"]
[Round "11.4"]
[White "Trebula, Jozef"]
[Black "Korbela, Lubomir"]
[Result "1/2-1/2"]
[WhiteElo "2104"]
[BlackElo "2116"]
[PlyCount "32"]
[EventDate "2011.10.15"]
[EventType "team-tourn"]
[EventRounds "11"]
[EventCountry "SVK"]
[SourceTitle "EXT 2013"]
[Source "ChessBase"]
[SourceDate "2012.11.22"]
[SourceVersion "1"]
[SourceVersionDate "2012.11.22"]
[SourceQuality "1"]
[WhiteTeam "Banska Bystrica"]
[BlackTeam "Sklene Patriots CC"]
[WhiteTeamCountry "SVK"]
[BlackTeamCountry "SVK"]

1. e4 e5 2. Nf3 f5 3. Nc3 fxe4 4. Nxe4 d5 5. Ng3 e4 6. Nd4 Nf6 7. d3 c5 8. Nde2 exd3 9. Qxd3 Nc6 10. Bg5 Be7 11. Nc3 Nb4 12. Qd2 d4 13. Bxf6 Bxf6 14. Nce4 0-0 15. Bc4+ Kh8 16. 0-0 Nc6 1/2-1/2

[Event "SVK-chT1E 1112"]
[Site "Slovakia"]
[Date "2012.03.03"]
[Round "10.4"]
[White "Tomcik, Milan"]
[Black "Trebula, Jozef"]
[Result "1/2-1/2"]
[WhiteElo "2051"]
[BlackElo "2104"]
[PlyCount "76"]
[EventDate "2011.10.15"]
[EventType "team-tourn"]
[EventRounds "11"]
[EventCountry "SVK"]
[SourceTitle "EXT 2013"]
[Source "ChessBase"]
[SourceDate "2012.11.22"]
[SourceVersion "1"]
[SourceVersionDate "2012.11.22"]
[SourceQuality "1"]
[WhiteTeam "Rajecke Teplice"]
[BlackTeam "Banska Bystrica"]
[WhiteTeamCountry "SVK"]
[BlackTeamCountry "SVK"]

1. e4 e6 2. d4 d5 3. Nd2 Nf6 4. e5 Nfd7 5. Bd3 c5 6. c3 Nc6 7. Ne2 cxd4 8. cxd4 f6 9. exf6 Nxf6 10. Nf3 Bd6 11. 0-0 Qc7 12. Bg5 0-0 13. Bh4 Bd7 14. Bg3 Rae8 15. Rc1 Qb8 16. Nc3 a6 17. Re1 Bxg3 18. hxg3 e5 19. dxe5 Nxe5 20. Nxe5 Rxe5 21. Rxe5 Qxe5 22. Be2 Bc6 23. Bf3 Kh8 24. Qe2 Qg5 25. Rd1 Re8 26. Qd3 h6 27. Qd4 Qf5 28. Ne2 Bb5 29. Nf4 Bc6 30. a3 Kg8 31. Nd3 Ne4 32. g4 Qf6 33. Nb4 Qxd4 34. Rxd4 Nf6 35. g3 Re1+ 36. Kg2 Rb1 37. Rd2 Kf8 38. Na2 Ne4 1/2-1/2

[Event "SVK-chT1E 1112"]
[Site "Slovakia"]
[Date "2012.02.04"]
[Round "8.5"]
[White "Trebula, Jozef"]
[Black "Cuker, Dusan"]
[Result "1/2-1/2"]
[WhiteElo "2104"]
[BlackElo "2124"]
[PlyCount "26"]
[EventDate "2011.10.15"]
[EventType "team-tourn"]
[EventRounds "11"]
[EventCountry "SVK"]
[SourceTitle "EXT 2013"]
[Source "ChessBase"]
[SourceDate "2012.11.22"]
[SourceVersion "1"]
[SourceVersionDate "2012.11.22"]
[SourceQuality "1"]
[WhiteTeam "Banska Bystrica"]
[BlackTeam "Sabinov"]
[WhiteTeamCountry "SVK"]
[BlackTeamCountry "SVK"]

1. e4 d5 2. exd5 Qxd5 3. Nc3 Qa5 4. d4 c6 5. Nf3 Nf6 6. Bd2 Bf5 7. Bc4 e6 8. 0-0 Qc7 9. Re1 Nbd7 10. Bg5 0-0-0 11. Qe2 h6 12. Bh4 g5 13. Bg3 Bd6 1/2-1/2

[Event "SVK-chT1E 1112"]
[Site "Slovakia"]
[Date "2011.10.16"]
[Round "2.4"]
[White "Koval, Anton"]
[Black "Trebula, Jozef"]
[Result "1-0"]
[WhiteElo "2177"]
[BlackElo "2104"]
[PlyCount "67"]
[EventDate "2011.10.15"]
[EventType "team-tourn"]
[EventRounds "11"]
[EventCountry "SVK"]
[SourceTitle "EXT 2013"]
[Source "ChessBase"]
[SourceDate "2012.11.22"]
[SourceVersion "1"]
[SourceVersionDate "2012.11.22"]
[SourceQuality "1"]
[WhiteTeam "Bardejov"]
[BlackTeam "Banska Bystrica"]
[WhiteTeamCountry "SVK"]
[BlackTeamCountry "SVK"]

1. e4 e6 2. d4 d5 3. Nd2 Nf6 4. e5 Nfd7 5. Bd3 c5 6. c3 Nc6 7. Ne2 cxd4 8. cxd4 f6 9. exf6 Nxf6 10. Nf3 Bd6 11. 0-0 Qc7 12. Nc3 a6 13. h3 0-0 14. Be3 Bd7 15. Rc1 Be8 16. Ng5 Bf7 17. Na4 e5 18. Nc5 Qe7 19. Bf5 Bxc5 20. Rxc5 Rad8 21. a3 exd4 22. Bxd4 Ne4 23. Bxh7+ Kh8 24. Bxe4 dxe4 25. Qg4 Bg6 26. Be3 Rd3 27. Ne6 Rf6 28. Nf4 Rxe3 29. Nxg6+ Rxg6 30. Rh5+ Rh6 31. fxe3 Rxh5 32. Qxh5+ Kg8 33. Qd5+ Kh8 34. Rf4 1-0

[Event "SVK-chT1E 1011"]
[Site "Slovakia"]
[Date "2011.03.19"]
[Round "8"]
[White "Trebula, Jozef"]
[Black "Jacko, Vladimir"]
[Result "0-1"]
[WhiteElo "2131"]
[BlackElo "2068"]
[PlyCount "82"]
[EventDate "2010.11.06"]
[EventType "team-tourn"]
[EventRounds "11"]
[EventCountry "SVK"]
[SourceTitle "EXT 2012"]
[Source "ChessBase"]
[SourceDate "2011.11.24"]
[SourceVersion "1"]
[SourceVersionDate "2011.11.24"]
[SourceQuality "1"]
[WhiteTeam "Banska Bystrica"]
[BlackTeam "Presov"]
[WhiteTeamCountry "SVK"]
[BlackTeamCountry "SVK"]

1. e4 c5 2. Nf3 Nc6 3. d4 cxd4 4. Nxd4 Nf6 5. Nc3 g6 6. Be3 Bg7 7. Be2 0-0 8. Qd2 d5 9. exd5 Nxd5 10. Nxd5 Qxd5 11. Bf3 Qc4 12. Be2 Qd5 13. Nxc6 Qxc6 14. Bf3 Qb5 15. c3 Be6 16. Be2 Qa4 17. 0-0 Rfd8 18. Qc1 Rac8 19. Bd1 Qa6 20. Bb3 Bc4 21. Rd1 b5 22. Qc2 h6 23. Rxd8+ Rxd8 24. a4 Kh7 25. Ra3 Bd3 26. Qc1 Bf5 27. axb5 Qxb5 28. h3 a5 29. Bc2 Be6 30. Qa1 Qe2 31. Qc1 Qb5 32. Qa1 Rb8 33. Bc1 Qe2 34. Qb1 Qe1+ 35. Kh2 Qxf2 36. Rxa5 Bxc3 37. b4 Rxb4 38. Bxg6+ fxg6 39. Qd3 Rg4 40. hxg4 Bxa5 41. g5 Bc7+ 0-1

[Event "SVK-chT1E 1011"]
[Site "Slovakia"]
[Date "2011.01.09"]
[Round "5.6"]
[White "Frink, Ferenc"]
[Black "Trebula, Jozef"]
[Result "1-0"]
[WhiteElo "2222"]
[BlackElo "2131"]
[PlyCount "71"]
[EventDate "2010.11.06"]
[EventType "team-tourn"]
[EventRounds "11"]
[EventCountry "SVK"]
[SourceTitle "EXT 2012"]
[Source "ChessBase"]
[SourceDate "2011.11.24"]
[SourceVersion "1"]
[SourceVersionDate "2011.11.24"]
[SourceQuality "1"]
[WhiteTeam "Filakovo"]
[BlackTeam "Banska Bystrica"]
[WhiteTeamCountry "SVK"]
[BlackTeamCountry "SVK"]

1. e4 e6 2. a3 d5 3. e5 c5 4. b4 Qc7 5. f4 Bd7 6. bxc5 Bxc5 7. d4 Bb6 8. c3 Nc6 9. Bd3 Rc8 10. Ne2 Nge7 11. Nd2 a6 12. Nf3 Na7 13. 0-0 Bb5 14. h3 Bxd3 15. Qxd3 Ba5 16. Bd2 Qc4 17. Qe3 b5 18. g4 g6 19. Kg2 Qb3 20. Nh4 h5 21. Nf3 Qc2 22. Rac1 Qb3 23. Ng5 Nac6 24. f5 gxf5 25. gxf5 Nxf5 26. Rxf5 exf5 27. e6 f6 28. Nf7 Rg8+ 29. Kh1 Bc7 30. Nf4 h4 31. Nh6 Rg3 32. Qe2 Rg5 33. Nf7 Rg8 34. Qh5 Ke7 35. Qh7 Bxf4 36. Ng5+ 1-0

[Event "SVK-chT1E 0910"]
[Site "Slovakia"]
[Date "2010.02.13"]
[Round "8.5"]
[White "Najgebauer, Szemjon"]
[Black "Trebula, Jozef"]
[Result "1-0"]
[WhiteElo "2182"]
[BlackElo "2096"]
[PlyCount "109"]
[EventDate "2009.10.17"]
[EventType "team"]
[EventRounds "11"]
[EventCountry "SVK"]
[SourceTitle "EXT 2011"]
[Source "ChessBase"]
[SourceDate "2010.11.26"]
[SourceVersion "1"]
[SourceVersionDate "2010.11.26"]
[SourceQuality "1"]
[WhiteTeam "Kosice Slavia II"]
[BlackTeam "Banska Bystrica"]
[WhiteTeamCountry "SVK"]
[BlackTeamCountry "SVK"]

1. d4 Nf6 2. Nf3 g6 3. c4 Bg7 4. Nc3 d6 5. e4 0-0 6. Be2 c6 7. 0-0 Bg4 8. Be3 Nbd7 9. Qd2 Qc7 10. Rab1 Rfd8 11. h3 Bxf3 12. Bxf3 e5 13. d5 c5 14. Rfc1 a6 15. a3 Rab8 16. Be2 Rdc8 17. b4 b6 18. g3 Qd8 19. Kg2 Qe7 20. Bg5 Qf8 21. Be3 Qe7 22. Qd3 Re8 23. Bg4 Nxg4 24. hxg4 Nf6 25. f3 Nd7 26. Rh1 Bf6 27. Qd2 Rec8 28. b5 a5 29. Rh3 Bg7 30. Rbh1 Nf8 31. Kf1 f6 32. Qh2 Bh8 33. Bh6 Bg7 34. Bd2 Bh8 35. Nd1 Rb7 36. Ne3 Rcc7 37. Qe2 Qe8 38. Kg2 Rf7 39. Qd3 Qd8 40. Qc2 Qc8 41. g5 Qd8 42. Ng4 Rfc7 43. Nh6+ Kg7 44. Qc1 fxg5 45. Bxg5 Qe8 46. Qc3 Rd7 47. Rh4 Rdc7 48. Rf4 Nd7 49. Rf7+ Qxf7 50. Nxf7 Kxf7 51. Rxh7+ Kg8 52. Re7 Bf6 53. Bxf6 Nxf6 54. Re6 Kg7 55. Rxd6 1-0

[Event "SVK-chT1E 0809"]
[Site "Slovakia"]
[Date "2008.12.14"]
[Round "6.3"]
[White "Kopera, Michal"]
[Black "Trebula, Jozef"]
[Result "1-0"]
[WhiteElo "2141"]
[BlackElo "2079"]
[PlyCount "74"]
[EventDate "2008.10.18"]
[EventType "team-tourn"]
[EventRounds "11"]
[EventCountry "SVK"]
[SourceTitle "EXT 2010"]
[Source "ChessBase"]
[SourceDate "2010.11.25"]
[SourceVersion "1"]
[SourceVersionDate "2010.11.25"]
[SourceQuality "1"]
[WhiteTeam "Zilina Mladost"]
[BlackTeam "Banska Bystrica TH junior"]
[WhiteTeamCountry "SVK"]
[BlackTeamCountry "SVK"]

1. e4 e6 2. d4 d5 3. Nd2 Nf6 4. e5 Nfd7 5. Bd3 c5 6. c3 Nc6 7. Ndf3 cxd4 8. cxd4 f6 9. exf6 Nxf6 10. Ne2 Bd6 11. 0-0 0-0 12. Bg5 Bd7 13. Rc1 Be8 14. Bb1 Bh5 15. Qb3 Qc7 16. Ng3 Bxf3 17. Qxf3 Ne4 18. Qg4 Nxg5 19. Qxg5 Bf4 20. Qh4 g5 21. Qh6 Bxc1 22. Rxc1 Qe7 23. Rd1 Rf7 24. Nh5 Raf8 25. f3 Na5 26. Re1 Re8 27. Re5 g4 28. Rg5+ Kh8 29. Bg6 Rg8 30. Bxf7 Qxg5 31. Qxe6 gxf3 32. g3 Qc1+ 33. Kf2 Qxb2+ 34. Kxf3 Qxd4 35. Bxg8 Qd1+ 36. Kg2 Qxh5 37. Bf7 Qd1 1-0